| 000 | 00777nam a22001217a 4500 | ||
|---|---|---|---|
| 040 | _cRUA | ||
| 082 | _aLMA VUT 2024 B701 Or.1 | ||
| 100 | _aVUTHY RIZA, វិទ្ធី រីហ្សា | ||
| 245 | _aA Study On Land Use Planning Focus On Road Infrastructure In Prek Dambang Commune, Muk Kampoul District, Kandal Province, ការសិក្សាអំពីការរៀបចំផែនការប្រើប្រាស់ដីធ្លីដោយផ្ដោត ទៅលើហេដ្ឋារចនាសម្ព័ន្ធផ្លូវថ្នល់ នៅឃុំព្រែកដំបង ស្រុកមុខកំពូល ខេត្តកណ្ដាល | ||
| 260 |
_aPHNOM PENH _bRUA _c2024 |
||
| 300 |
_ax, _bill, _c29cm, |
||
| 942 | _cLMA | ||
| 999 |
_c25329 _d25329 |
||